බළල් කනත්ත / ස්ටෙපන් කිං.

Saved in:
Bibliographic Details
Main Author: කිං,ස්ටෙපන්
Other Authors: වනිගසේකර,හේෂලී වගීෂා (පරි)
Format: Book
Language:Sinhalese
Published: මීගමුව: අකුර පොත් ප්‍රකාහකයෝ, 2024
Subjects:
Tags: Add Tag
No Tags, Be the first to tag this record!

MARC

LEADER 00000nam a22000007a 4500
008 260114b |||||||| |||| 00| 0 sind
020 |a 9789556759228 
041 |h sin 
082 |a 891.483Balal  |b කිං 
100 |a කිං,ස්ටෙපන් 
245 |a බළල් කනත්ත / ස්ටෙපන් කිං. 
246 |a Balal Kanaththa / Stephen King. 
260 |a මීගමුව:  |b අකුර පොත් ප්‍රකාහකයෝ,  |c 2024 
300 |a පි.240;  |c සෙ.මි.21 
650 |a සිංහල සාහිත්‍යය 
700 |a වනිගසේකර,හේෂලී වගීෂා  |e පරි 
942 |c CHBK 
999 |c 32595  |d 32595